Elements of financial management (Record no. 5483)

MARC details
000 -LEADER
fixed length control field 00489cam a2200181ua 4500
008 - FIXED-LENGTH DATA ELEMENTS--GENERAL INFORMATION
fixed length control field 131129n ii |||gr||||Z||||||eng
040 ## - CATALOGING SOURCE
Transcribing agency MAIN
082 ## - DEWEY DECIMAL CLASSIFICATION NUMBER
Classification number 658.15
245 11 - TITLE STATEMENT
Title Elements of financial management
Statement of responsibility, etc. By Pradeep kumar
250 ## - EDITION STATEMENT
Edition statement 6th rev. & enlarged ed.
260 ## - PUBLICATION, DISTRIBUTION, ETC.
Place of publication, distribution, etc. Meerut:
Name of publisher, distributor, etc. Kedar nath ram nath & Co.,
Date of publication, distribution, etc. 1985.
300 ## - PHYSICAL DESCRIPTION
Extent x,473p.
700 1# - ADDED ENTRY--PERSONAL NAME
Personal name Kumar,Pradeep,
Relator term
942 ## - ADDED ENTRY ELEMENTS (KOHA)
Koha item type Books
653 ## - INDEX TERM--UNCONTROLLED
Uncontrolled term Commerce
653 ## - INDEX TERM--UNCONTROLLED
Uncontrolled term Elements of financial management
Holdings
Withdrawn status Lost status Damaged status Not for loan Home library Current library Shelving location Date acquired Total Checkouts Full call number Barcode Date last seen Copy number Price effective from Koha item type
        Central Library, Naharkatiya College Central Library, Naharkatiya College General Stacks 19/09/2020   658.15 | KUM 13116 19/09/2020 1 19/09/2020 Books

Naharkatiya College © 2020. All rights reserved.

Powered By